[Event "II ITT LXSBC 2013"]
[Site "Sao Paulo BRA"]
[Date "2013.07.16"]
[Round "5.5"]
[White "Batista,Re"]
[Black "Rodi,L"]
[Result "1-0"]
[WhiteElo "2120"]
[BlackElo "2363"]

1.e4 e6 2.d4 d5 3.Nd2 a6 4.Ngf3 Nf6 5.Bd3 c5 6.dxc5 Bxc5 7.O-O Nc6 8.exd5 Qxd5
9.Nb3 Be7 10.c3 e5 11.Be2 Bf5 12.Be3 O-O 13.Bb6 Rfe8 14.Qc1 Nd7 15.Be3 Qe6
16.Rd1 Rac8 17.Bg5 f6 18.Be3 Red8 19.Nh4 Bg4 20.Bxg4 Qxg4 21.Nf3 f5 22.h3 Qg6
23.Qc2 e4 24.Nfd4 Nb4 25.Qe2 Nd5 26.Nc2 Ne5 27.Ne1 f4 28.Rxd5 Rxd5 29.Bxf4 Bg5
30.Bxg5 Qxg5 31.Qxe4 Nf7 32.Nf3 Qf5 33.Qe7 Qd7 34.Re1 Rd8 35.Nbd4 Qxe7 36.Rxe7 R5d7
37.Re2 Nd6 38.Ne5 Re7 39.f4 Rf8 40.g3 Nf5 41.Nxf5 Rxf5 42.h4 h6 43.Kg2 g5
44.hxg5 hxg5 45.Kf3 Kg7 46.Kg4 Kf6 47.Rh2 gxf4 48.gxf4 Rg7+ 49.Kf3 Ke6 50.Ke4 Rf6
51.c4 Rg1 52.Nf3 Rb1 53.f5+ Kd6 54.Rd2+ Ke7 55.Ke5 Rf1 56.Nd4 Re1+ 57.Kf4 Rh6
58.Nf3 Rf1 59.Rd3 Rf2 60.Rb3 b6 61.Kg5 Rh3 62.f6+ Kf8 63.Kg4 Rhxf3 64.Rxf3 Rxb2
65.Rb3 Rxa2 66.Rxb6 Kf7 67.Kf5 Rf2+ 68.Ke5 Re2+ 69.Kd5 a5 70.Ra6 a4 71.c5 a3
72.Rxa3 Kxf6 73.Kc6 Ke5 74.Rd3 Rh2 75.Kb6 Rb2+ 76.Kc7 Ke6 77.c6 Rb1 78.Kc8 Ke7
79.c7 Rc1 80.Re3+ Kd6 81.Kd8  1-0

[Event "Czech Open G1 Rapid 2013"]
[Site "Pardubice CZE"]
[Date "2013.07.17"]
[Round "2.69"]
[White "Giannino,D"]
[Black "Yakimenko,Alex"]
[Result "0-1"]
[WhiteElo "2007"]
[BlackElo "2208"]

1.e4 e6 2.d4 d5 3.Nd2 Nc6 4.Ngf3 Nf6 5.e5 Nd7 6.c3 f6 7.Bd3 fxe5 8.Nxe5 Ndxe5
9.dxe5 Nxe5 10.Qh5+ Nf7 11.Bxh7 Bd6 12.Nf3 Kf8 13.Ng5 Qe8 14.Qf3 Ke7 15.Bg6 Ne5
16.Bxe8 Nxf3+ 17.Nxf3 Kxe8 18.h4 e5 19.Bg5 Bg4 20.Nd2 Kd7 21.f3 Bf5 22.O-O-O Rae8
23.Nf1 c6 24.Ne3 Be6 25.g4 Kc7 26.b3 b5 27.Kb2 Rhf8 28.Rhf1 a5 29.h5 Rf7
30.h6 gxh6 31.Bxh6 Bc5 32.Nc2 Rg8 33.g5 Bf5 34.Ne1 b4 35.c4 Bd4+ 36.Kc1 dxc4
37.bxc4 a4 38.Nd3 b3 39.axb3 axb3 40.Rfe1 Ra8 41.Nxe5 Ra1+ 42.Kd2 Ra2+  0-1

[Event "Czech Open G1 Rapid 2013"]
[Site "Pardubice CZE"]
[Date "2013.07.17"]
[Round "2.48"]
[White "Varitski,I"]
[Black "Chovanec,V"]
[Result "0-1"]
[WhiteElo "2278"]
[BlackElo "2102"]

1.e4 e6 2.d4 d5 3.Nd2 Be7 4.c3 Nf6 5.Bd3 Nc6 6.Ngf3 dxe4 7.Nxe4 Nxe4 8.Bxe4 O-O
9.h4 f5 10.Bc2 Bf6 11.Bf4 Qe7 12.Qe2 a5 13.Ne5 Bxe5 14.dxe5 Qc5 15.O-O-O b5
16.Rd3 b4 17.Rg3 Ba6 18.Qe3 Qxe3+ 19.Rxe3 Rad8 20.Bb3 Kf7 21.Bg5 Ne7 22.h5 h6
23.Bh4 c5 24.Rg3 Rd7 25.Ba4 Rc7 26.Bxe7 Rxe7 27.Rd1 Be2 28.Rd6 Bxh5 29.Rc6 bxc3
30.Rxc3 Rb8 31.R3xc5 Reb7 32.Rc7+ Kg6 33.Rxb7 Rxb7 34.f4 Rb4 35.Be8+  0-1

[Event "XV Sant Marti Open A"]
[Site "Barcelona ESP"]
[Date "2013.07.18"]
[Round "6.3"]
[White "Ortiz Suarez,I"]
[Black "Cruz,Cr"]
[Result "1/2-1/2"]
[WhiteElo "2612"]
[BlackElo "2499"]

1.e4 e6 2.d4 d5 3.Nd2 Be7 4.Ngf3 Nf6 5.e5 Nfd7 6.Bd3 c5 7.c3 b6 8.Nf1 Ba6
9.Bxa6 Nxa6 10.Ng3 h5 11.O-O h4 12.Ne2 h3 13.g3 b5 14.Be3 Nb6 15.a4 bxa4
16.Rxa4 Nb8 17.Ra2 c4 18.Kh1 Nc6 19.Nfg1 Kd7 20.Nf4 Qg8 21.Nfxh3 Qh7 22.f3 a5
23.Qe2 a4 24.Bg5 f6 25.exf6 gxf6 26.Bh4 Qd3 27.Qf2 a3 28.Re1 Rxh4 29.gxh4 Qf5
30.bxa3 Na4 31.Qe3 Bd6 32.h5 Rb8 33.h6 Nb2 34.h7 Nd3 35.Rb1 Rh8 36.Rb7+ Bc7
37.Nf2 Na5 38.Ra7 Rxh7 39.Ng4 Nc6 40.Rb7 Na5 41.Rxc7+ Kxc7 42.Ne2 Kd6 43.Ng3 Qg5
44.Qxg5 fxg5 45.Ne2 Rb7 46.Kg2 Rb1 47.f4 gxf4 48.h4 Nc1 49.Nxc1 Rxc1 50.Kf3 Rxc3+
51.Kxf4 Nc6 52.h5 Nxd4 53.h6 Rf3+ 54.Kg5 Rh3 55.Nf2 Rg3+ 56.Ng4 Nf3+ 57.Kf4 Rh3
58.Nf2 e5+ 59.Kg4 Rxh6 60.Kxf3 Kc5 61.Ke3  1/2-1/2

[Event "Czech Open G1 Rapid 2013"]
[Site "Pardubice CZE"]
[Date "2013.07.18"]
[Round "5.20"]
[White "Gutenev,A"]
[Black "Piorun,K"]
[Result "0-1"]
[WhiteElo "2350"]
[BlackElo "2566"]

1.e4 e6 2.d4 d5 3.Nd2 Nc6 4.Ngf3 Nf6 5.e5 Nd7 6.Be2 f6 7.exf6 Qxf6 8.Nf1 Bd6
9.Ne3 O-O 10.O-O Qf7 11.c4 Nf6 12.c5 Be7 13.Nc2 Ne4 14.Be3 Bd7 15.Nce1 b6
16.cxb6 axb6 17.Bb5 Nd6 18.Bxc6 Bxc6 19.Ne5 Qe8 20.Nxc6 Qxc6 21.Nf3 Nf5 22.Bf4 Bd6
23.Be5 Qd7 24.Re1 c5 25.Qe2 Rae8 26.dxc5 bxc5 27.b3 Bxe5 28.Nxe5 Qd6 29.Rac1 Rc8
30.Qb5 Nd4 31.Qd7 Qa6 32.a4 Rcd8 33.Qe7 Rde8 34.Qh4 Qd6  0-1

[Event "22nd Open ch-MKD"]
[Site "Struga MKD"]
[Date "2013.07.18"]
[Round "6.12"]
[White "Lakinska,Simona"]
[Black "Tairi,K"]
[Result "0-1"]
[WhiteElo "1675"]
[BlackElo "1874"]

1.e4 e6 2.d4 d5 3.Nd2 Nc6 4.c3 Nf6 5.e5 Nd7 6.Ngf3 f6 7.exf6 Qxf6 8.Bd3 Bd6
9.Qe2 O-O 10.O-O e5 11.dxe5 Ndxe5 12.Nxe5 Nxe5 13.Bc2 Qh4 14.h3 Bxh3 15.gxh3 Qxh3
16.f3 Bc5+ 17.Rf2 Nxf3+ 18.Nxf3 Rxf3 19.Be3 Rg3+ 20.Rg2 Bxe3+ 21.Kf1 Qh1+  0-1

[Event "XV Sant Marti Open A"]
[Site "Barcelona ESP"]
[Date "2013.07.19"]
[Round "7.46"]
[White "Tahay,Alexis"]
[Black "Heredia Tarrats,A"]
[Result "1-0"]
[WhiteElo "1944"]
[BlackElo "2098"]

1.e4 e6 2.d4 d5 3.Nd2 Be7 4.e5 c5 5.c3 Nc6 6.Ngf3 Nh6 7.Nb3 c4 8.Bxh6 gxh6
9.Nbd2 Bd7 10.g3 b5 11.Bh3 a5 12.O-O b4 13.Ne1 Qb6 14.Rb1 Na7 15.Qh5 Bf8
16.f4 Nb5 17.f5 exf5 18.Bxf5 Bxf5 19.Qxf5 Qg6 20.Qf3 Rd8 21.Ng2 Be7 22.Nf4 Qf5
23.Qe2 bxc3 24.Nxd5 Nxd4 25.Qxc4 Qxe5 26.Nf6+ Bxf6 27.Rbe1 cxd2 28.Rxe5+ Kf8
29.Rd5 Kg7 30.Rxd8 Rxd8 31.Rd1 h5 32.Qa4 Rd5 33.Kg2 Bg5 34.Qc4 Nf5 35.Kf3 Re5
36.Qc3 f6 37.Rxd2 Re3+ 38.Qxe3 Nxe3 39.Rd7+ Kg6 40.Ra7 Nc4 41.b3 Ne5+ 42.Ke2 Nc6
43.Ra6 Nd4+ 44.Kd3 Nf3 45.h4 Nxh4 46.gxh4 Bxh4 47.Rxa5 Be1 48.Rc5 h4 49.Rc1 Bb4
50.Kc4 Ba3 51.Rf1 Kg5 52.b4 Bb2 53.b5 h3 54.a4 Kg4 55.b6 h2 56.a5 Kg3 57.a6 Kg2
58.Rb1 h1=Q 59.Rxh1 Kxh1 60.a7  1-0

[Event "12th Condom Open"]
[Site "Condom FRA"]
[Date "2013.07.19"]
[Round "8.1"]
[White "Mullon,J"]
[Black "Santos Latasa,J"]
[Result "1/2-1/2"]
[WhiteElo "2398"]
[BlackElo "2418"]

1.e4 e6 2.d4 d5 3.Nd2 Nc6 4.Ngf3 Nf6 5.e5 Nd7 6.Nb3 a5 7.a4 Be7 8.Bb5 Na7
9.Bd3 b6 10.O-O Bb7 11.Qe2 O-O 12.Bf4 c5 13.dxc5 Nxc5 14.Nxc5 bxc5 15.c4 d4
16.Nd2 Nc6 17.Ra3 g6 18.Be4 Re8 19.Rh3 f5 20.exf6 Bxf6 21.Qg4 Qe7 22.Re1 Rad8
23.Bxg6 hxg6 24.Qxg6+ Qg7 25.Qh5 Qf7 26.Ne4 Qxh5 27.Nxf6+ Kf7 28.Nxh5 Rh8
29.Bd2 e5 30.Rf3+ Kg6 31.Ng3 Nb4 32.Ne4 Nc2 33.Rg3+ Kf7 34.Ng5+ Kf6 35.Rc1 d3
36.Bxa5 Rdg8 37.Nf3 Rxg3 38.hxg3 Ra8 39.Bc3 Nd4 40.Bxd4 exd4 41.b3 Bxf3 42.gxf3 Rb8
43.Rb1 d2 44.Kf1 Rxb3 45.Rd1 Rxf3 46.Rxd2 Ra3 47.Ke2 Ke5  1/2-1/2

[Event "Czech Open A 2013"]
[Site "Pardubice CZE"]
[Date "2013.07.19"]
[Round "1.42"]
[White "Narayanan,Sri"]
[Black "Balacek,T"]
[Result "1-0"]
[WhiteElo "2475"]
[BlackElo "2258"]

1.e4 e6 2.d4 d5 3.Nd2 Be7 4.Ngf3 Nf6 5.e5 Nfd7 6.Bd3 c5 7.c3 b6 8.Qe2 a5
9.Bb5 Ba6 10.a4 Qc8 11.c4 Bb7 12.cxd5 Bxd5 13.dxc5 Bxc5 14.O-O Qb7 15.Re1 Nc6
16.Ne4 O-O 17.Nc3 Rfe8 18.Nxd5 exd5 19.Bf4 Nb4 20.Ng5 Re7 21.Ra3 Bd4 22.Qh5 h6
23.Nf3 Bc5 24.Nh4 Nf6 25.Qf5 Ne4 26.Rxe4 dxe4 27.Bxh6 Re6 28.Bxg7 Kxg7 29.Rg3+ Kf8
30.Qh7 Nc6 31.Nf5 Ke8 32.Ng7+ Kd7 33.Nxe6 Kxe6 34.Rg6+ Kxe5 35.Qg7+  1-0

[Event "28th Avoine Open"]
[Site "Avoine FRA"]
[Date "2013.07.20"]
[Round "1.32"]
[White "Piffaut,P"]
[Black "Peric,Sl"]
[Result "1/2-1/2"]
[WhiteElo "2018"]
[BlackElo "2218"]

1.e4 e6 2.d4 d5 3.Nd2 a6 4.Ngf3 c5 5.exd5 exd5 6.dxc5 Bxc5 7.Bd3 Nc6 8.O-O Nge7
9.Nb3 Ba7 10.Re1 Qd6 11.Be3 Bg4 12.Bxa7 Rxa7 13.Be4 Kd7 14.Bd3 Qf4 15.Nbd4 Nxd4
16.Ne5+ Kc7 17.Qxg4 Qxg4 18.Nxg4 Ndc6 19.Ne5 Nxe5 20.Rxe5 Kd6 21.Rae1 b5  1/2-1/2

[Event "15th TCh-Eur Senior"]
[Site "Dresden GER"]
[Date "2013.07.20"]
[Round "1"]
[White "Faibisovich,V"]
[Black "Dahl,Ivar M"]
[Result "1-0"]
[WhiteElo "2348"]
[BlackElo "2209"]

1.e4 e6 2.d4 d5 3.Nd2 Be7 4.Ngf3 Nf6 5.Bd3 c5 6.e5 Nfd7 7.c3 b6 8.Qe2 a5
9.O-O Ba6 10.Bxa6 Nxa6 11.Re1 c4 12.Nf1 b5 13.g3 h5 14.h4 b4 15.Bg5 Nb6 16.Ne3 Qd7
17.Ng2 Na4 18.Bxe7 Qxe7 19.Qc2 Qd7 20.Nf4 Rb8 21.Rab1 Nb6 22.Ng5 Nc7 23.Qe2 g6
24.Qd2 Nc8 25.b3 bxc3 26.Qxc3 Nb5 27.Qxa5 Nxd4 28.bxc4 Rxb1 29.Rxb1 Nc6 30.Qc5 dxc4
31.Ne4 Kd8 32.Nf6  1-0

[Event "36th Taminco Open"]
[Site "Ghent BEL"]
[Date "2013.07.20"]
[Round "2.12"]
[White "De Groote,E"]
[Black "Bauwe,P"]
[Result "1-0"]
[WhiteElo "2357"]
[BlackElo "2035"]

1.e4 e6 2.d4 d5 3.Nd2 Be7 4.e5 c5 5.Qg4 Kf8 6.dxc5 Nd7 7.Ngf3 Qc7 8.Qg3 Nxc5
9.Nd4 Nh6 10.Bd3 Nf5 11.Bxf5 exf5 12.O-O Be6 13.c3 Rd8 14.b3 b6 15.a4 a6
16.b4 Ne4 17.Nxe4 dxe4 18.b5 Bc5 19.Bg5 Rd7 20.Rfd1 h6 21.Be3 g5 22.Nxe6+ fxe6
23.h4 Be7 24.hxg5 Rg8 25.g6 Kg7 26.Qh3 h5 27.Qxh5 Rh8 28.Rxd7 Qxd7 29.Rd1 Qe8
30.Qe2 Qxg6 31.Rd7 Kf7 32.f4 Qh7 33.Qd1 Qh2+ 34.Kf2 Qh4+ 35.Ke2 Qg4+ 36.Kd2 Qxg2+
37.Qe2 Qh1 38.bxa6 Rh2 39.Bf2  1-0

[Event "Czech Open B 2013"]
[Site "Pardubice CZE"]
[Date "2013.07.20"]
[Round "2.4"]
[White "Kabachienko,A"]
[Black "Colijn,S"]
[Result "1/2-1/2"]
[WhiteElo "2052"]
[BlackElo "2293"]

1.e4 e6 2.d4 d5 3.Nd2 Be7 4.Ngf3 Nf6 5.e5 Nfd7 6.Bd3 c5 7.c3 Nc6 8.O-O Qc7
9.a3 a5 10.Re1 g5 11.dxc5 Nxc5 12.Bc2 Nd7 13.Nf1 h6 14.Be3 Ndxe5 15.Nxe5 Nxe5
16.Bd4 Bd6 17.Ba4+ Ke7 18.Qe2 f6 19.Ng3 Bd7 20.Bxd7 Kxd7 21.Nh5 Rhf8 22.Nxf6+ Rxf6
23.Bxe5 Bxe5 24.Qxe5 Qxe5 25.Rxe5 Raf8 26.f3 Rf5 27.Re3 Kd6 28.Kf2 g4 29.Rd1 gxf3
30.Rxf3 Rxf3+ 31.gxf3 Rf4 32.Rg1 Rh4 33.Kg3 Rh5 34.f4 Rf5 35.Rd1 Kc5 36.Rd4 b5
37.Kg4 h5+ 38.Kg3 Rf7 39.Kh4 Rf5 40.Kg3 e5 41.fxe5 Rxe5 42.Kf3 Re1 43.Rh4 Rb1
44.b4+ axb4 45.axb4+ Kd6 46.Ke3 Re1+ 47.Kd4 Re5 48.Rf4 Re6 49.h3 Kc6 50.Rh4 Rh6
51.Ke5 Rh8 52.Rf4 Re8+ 53.Kd4 Re6 54.Rh4  1/2-1/2

[Event "Yinzhou Cup CHN-USA"]
[Site "Ningbo CHN"]
[Date "2013.07.21"]
[Round "3.1"]
[White "Abrahamyan,T"]
[Black "Guo Qi"]
[Result "1/2-1/2"]
[WhiteElo "2316"]
[BlackElo "2446"]

1.e4 e6 2.d4 d5 3.Nd2 Be7 4.Ngf3 Nf6 5.e5 Nfd7 6.Bd3 c5 7.c3 Nc6 8.O-O Qb6
9.Re1 cxd4 10.cxd4 Nxd4 11.Nxd4 Qxd4 12.Nf3 Qb6 13.Qc2 Nc5 14.Be3 Qb4 15.Bd2 Qb6
16.Be3 Qb4 17.Bd2 Qb6  1/2-1/2

[Event "Czech Open A 2013"]
[Site "Pardubice CZE"]
[Date "2013.07.21"]
[Round "3.30"]
[White "Farkas,Ga1"]
[Black "Toth,E"]
[Result "1-0"]
[WhiteElo "2359"]
[BlackElo "2471"]

1.e4 e6 2.d4 d5 3.Nd2 Be7 4.c3 c5 5.dxc5 Bxc5 6.Bd3 Nf6 7.Qe2 Nc6 8.Ngf3 a6
9.O-O Be7 10.Re1 O-O 11.e5 Nd7 12.Nb3 Re8 13.Bf4 Nf8 14.Nbd4 Qb6 15.Rad1 Bd7
16.Bb1 Rac8 17.Be3 Qc7 18.Nxc6 Bxc6 19.Bf4 Bb5 20.Qc2 Qa5 21.Bd2 Ba4 22.b3 Bd7
23.Qd3 Qc7 24.h4 Bb5 25.Qd4 f6 26.a4 Bd7 27.Qf4 b5 28.axb5 Bxb5 29.Rc1 a5
30.Qg4 Bd7 31.Bh6 g6 32.h5 f5 33.Qg3 Kf7 34.Ng5+ Bxg5 35.Qxg5 Qd8 36.Qf4 gxh5
37.Bg5 Ng6 38.Qd2 Qb6 39.Qe2 Rg8 40.Qxh5 Rcf8 41.c4 dxc4 42.Rxc4 Rg7 43.Bh6 Kg8
44.Bxg7 Kxg7 45.Re3 Rf7 46.Rh3 Kg8 47.Qg5 Rg7 48.Rg3 Qb8 49.Rd4 a4 50.Qd2 Qb5
51.Rxa4 Nxe5 52.Rxg7+ Kxg7 53.Ra5 Qxb3 54.Ba2 Qb8 55.Qd4  1-0

[Event "28th Avoine Open"]
[Site "Avoine FRA"]
[Date "2013.07.22"]
[Round "3.38"]
[White "Le Franc,Y"]
[Black "Wenzel,J"]
[Result "1/2-1/2"]
[WhiteElo "1978"]
[BlackElo "2171"]

1.e4 e6 2.d4 d5 3.Nd2 a6 4.Ngf3 Nf6 5.exd5 exd5 6.Bd3 Nc6 7.c3 Bd6 8.Qe2+ Qe7
9.Qxe7+ Nxe7 10.O-O Bf5 11.Bxf5 Nxf5 12.Re1+ Ne7 13.Ne5 Bxe5 14.Rxe5 Nd7
15.Re2 f6 16.Nb3 Kf7 17.Bf4 Rac8 18.Rae1 Ng6 19.Be3 b6 20.Rd1 Rhe8 21.Kf1 Re6
22.Bc1 Ngf8 23.f3 Rxe2 24.Kxe2 Ne6 25.Be3 Re8 26.Kf2 Ndf8 27.Nc1 Rd8 28.Nd3 a5
29.g3 Ng6 30.g4 Ne7 31.Kg3 Rc8 32.Nf4 Nxf4 33.Bxf4 Ke6 34.h4 c5 35.Be3 c4
36.Kf2 b5 37.Ke2 Rb8 38.Kd2 b4 39.Kc2 Nc8 40.Bf4 Rb7 41.Re1+ Kf7 42.Bd2 b3+
43.Kb1 Nb6 44.Re2 Re7 45.Rxe7+ Kxe7 46.Bf4 a4 47.a3 Nd7 48.Kc1 h6 49.Kd2 f5
50.g5 hxg5 51.Bxg5+ Kf7 52.Ke3 g6 53.Kf4  1/2-1/2

[Event "36th Taminco Open"]
[Site "Ghent BEL"]
[Date "2013.07.22"]
[Round "6.9"]
[White "De Groote,E"]
[Black "Stone,A ENG"]
[Result "1/2-1/2"]
[WhiteElo "2357"]
[BlackElo "2190"]

1.e4 e6 2.d4 d5 3.Nd2 Be7 4.e5 Nh6 5.Ndf3 c5 6.c3 Qb6 7.Bd3 Nc6 8.Ne2 Bd7
9.O-O cxd4 10.Nexd4 Nf5 11.Bxf5 Nxd4 12.Nxd4 exf5 13.Qf3 g6 14.Qxd5 Rd8 15.Qb3 Qa6
16.a4 O-O 17.Be3 Rc8 18.Rfe1 Rfd8 19.Nb5 Be6 20.Qc2 Bc4 21.Nd6 Bxd6 22.exd6 Rxd6
23.Bd4 Re6 24.Rxe6 Qxe6 25.Qd2 Re8 26.h4 a6 27.Qh6 f6 28.h5 Qf7 29.Qf4 Bd5
30.b4 Bc6 31.Qd6 Qe6 32.Qxe6+ Rxe6 33.hxg6 hxg6 34.f3 Bd5 35.Kf2 Bc4 36.Re1 Rxe1
37.Kxe1 b5 38.a5 Kf7 39.Kd2 f4 40.Ke1  1/2-1/2

[Event "Quebec Open Invitational 2013"]
[Site "Montreal CAN"]
[Date "2013.07.22"]
[Round "3.18"]
[White "Chandra,Akshat"]
[Black "Masse,H"]
[Result "1/2-1/2"]
[WhiteElo "2312"]
[BlackElo "2187"]

1.e4 e6 2.d4 d5 3.Nd2 Be7 4.Ngf3 Nf6 5.e5 Nfd7 6.Bd3 c5 7.c3 Nc6 8.O-O a5
9.a4 b6 10.Re1 Ba6 11.Bb1 cxd4 12.cxd4 Nb4 13.Nf1 Rc8 14.Ra3 O-O 15.h4 h6
16.h5 Re8 17.N3h2 Bg5 18.f4 Bh4 19.g3 Be7 20.Rc3 Bc4 21.Ne3 Ba2 22.Bxa2 Nxa2
23.Rxc8 Qxc8 24.Bd2 Nb4 25.Qg4 Nd3 26.Rf1 f5 27.Qf3 Nxb2 28.Rc1 Qb7 29.g4 fxg4
30.Qxg4 Nf8 31.f5 Bg5 32.f6 Nh7 33.Rf1 Qf7 34.Nf3 Nd3 35.Nxg5 hxg5 36.Ng2 gxf6
37.exf6 Kh8 38.Qg3 Nb4 39.Ne3 Nc6 40.Ng4 Nxd4 41.Qe5 Nc6 42.Qc3 Rc8 43.Ne5 Qxh5
44.f7 d4 45.Qg3 Ne7 46.Nd7 Ng6 47.Nxb6 Rd8 48.Nc4 Qh4 49.Qxh4 gxh4 50.Bxa5 Rc8
51.Nb6 Rc7 52.Bb4 Kg7 53.a5 Nf6 54.f8=Q+ Nxf8 55.Bxf8+ Kxf8 56.Rxf6+ Ke7
57.Rf1 Kd6 58.Rf8 Kc6 59.Rf4 Kb5 60.Rxd4 Kxa5 61.Nc4+ Kb4 62.Ne3+ Kc5 63.Rxh4 Rf7
64.Re4 Kd6 65.Ra4 Rf8 66.Ra5 Rf3 67.Nc4+ Ke7 68.Kg2 Rf4 69.Ne3 Kd6 70.Kg3 Rf8
71.Kg4 Rf2 72.Nc4+ Ke7 73.Ne5 Rf5 74.Ra7+ Kd6 75.Nf7+ Kd5 76.Ng5 Rf6 77.Ra5+ Kd4
78.Nf3+ Ke4 79.Re5+ Kd3 80.Re1 Kc4 81.Re5 Kd3 82.Kg3 Rg6+ 83.Kf4 Rf6+ 84.Kg4 Rg6+
85.Ng5 Kd4 86.Ra5 Rg8 87.Kh5 e5 88.Nf3+ Ke4 89.Nxe5 Kf4 90.Ng6+ Ke4 91.Kg5 Ke3
92.Re5+ Kd4 93.Kf5 Ra8 94.Re4+ Kd5 95.Nf4+ Kd6 96.Rd4+ Kc5 97.Ne6+ Kc6 98.Rc4+ Kd5
99.Rc1 Ra2 100.Rd1+ Kc4 101.Nf4 Ra8 102.Ng6 Kc5 103.Ne5 Rf8+ 104.Ke4 Rh8
105.Rc1+ Kb4 106.Nc6+ Kb5 107.Nd4+ Kb4 108.Nf3 Kb5 109.Ne5 Rd8 110.Nc6 Rh8
111.Kd5 Rh5+ 112.Ne5 Kb4 113.Rc8 Kb3 114.Rc7 Kb4 115.Rg7 Kc3 116.Rg3+ Kb4
117.Rg4+ Kc3 118.Re4 Kb3 119.Kd4 Kb4 120.Nc6+ Kb5 121.Ne7 Kb4 122.Ng6 Kb5
123.Nf4 Rh1 124.Re5+ Kc6 125.Re6+ Kd7 126.Ra6 Rd1+ 127.Nd3 Ke7 128.Ke4 Kd7
129.Ne5+ Ke7 130.Nf3 Rf1 131.Ng5 Rb1 132.Nf3 Rf1 133.Nd2 Rh1 134.Nc4 Rh4+
135.Kd5 Rh1 136.Ne3 Rh5+ 137.Ke4 Kd7 138.Nc4 Rh1 139.Ne5+ Ke7 140.Nd3 Kd7
141.Kd5  1/2-1/2

[Event "21st Saint-Affrique Open"]
[Site "Saint Affrique FRA"]
[Date "2013.07.22"]
[Round "3.7"]
[White "Mullon,J"]
[Black "Feys,Bert"]
[Result "1-0"]
[WhiteElo "2398"]
[BlackElo "2036"]

1.e4 e6 2.d4 d5 3.Nd2 Be7 4.Bd3 c5 5.dxc5 Nf6 6.Qe2 Nc6 7.Ngf3 O-O 8.e5 Nd7
9.Nb3 Nb4 10.O-O Nxd3 11.Qxd3 a5 12.Re1 a4 13.Nbd4 Nxc5 14.Qe2 Ne4 15.Nd2 Qc7
16.Nxe4 Qxe5 17.c3 dxe4 18.Qxe4 Qxe4 19.Rxe4 Bd7 20.Bf4 g6 21.a3 Ra6 22.Nc2 Bc6
23.Ree1 g5 24.Bg3 Rd8 25.Rad1 Raa8 26.Bc7 Rxd1 27.Rxd1 Rc8 28.Bb6 Bb5 29.Ba5 h6
30.Nd4 Bc4 31.Nf3 Bd5 32.h3 b6 33.Bb4 Bxb4 34.axb4 Bxf3 35.gxf3 a3 36.bxa3 Rxc3
37.Kg2 Rxa3 38.Rd6 Kf8 39.Rxb6 Rb3 40.Rb7 Ke8 41.Kg3 f5 42.Kg2 Kd8 43.b5 Kc8
44.Re7 Rxb5 45.Rxe6 h5 46.Rh6 g4 47.h4 Rb3 48.fxg4 hxg4 49.Rf6 Rf3 50.h5 Kd7
51.h6 Ke7 52.h7 Rh3 53.Rxf5 Rxh7 54.Kg3 Rf7 55.Rxf7+ Kxf7 56.Kxg4 Kg6 57.Kf4 Kf6
58.f3 Kg7 59.Kg5 Kf7 60.Kf5 Kg7 61.Ke6 Kf8 62.Kf6  1-0

[Event "15th TCh-Eur Senior"]
[Site "Dresden GER"]
[Date "2013.07.23"]
[Round "4"]
[White "Kahn,P"]
[Black "Maes,V"]
[Result "1/2-1/2"]
[WhiteElo "2129"]
[BlackElo "2182"]

1.e4 e6 2.d4 d5 3.Nd2 a6 4.Ngf3 c5 5.exd5 exd5 6.dxc5 Bxc5 7.Nb3 Ba7 8.Be2 Nf6
9.O-O h6 10.Nfd4 Nc6 11.c3 O-O 12.Bf4 Re8 13.Bf3 Ne5 14.Bxe5 Rxe5 15.Re1 Rxe1+
16.Qxe1 Bd7 17.Qe2 Qc7 18.Re1 Re8 19.Qd1 Rxe1+ 20.Qxe1 Bg4 21.Bxd5 Nxd5 22.Qe8+ Kh7
23.Qe4+ g6 24.Qxd5 Qe7 25.Kf1 Bd1 26.g3 Bg4 27.Kg2 Kg8 28.Nd2 Qe1 29.Ne4 Bxd4
30.Qxd4 Be2 31.Nd2 Qd1 32.Qe3 Bb5 33.f3 Bc6 34.Qf2 Qa1 35.Ne4 Bxe4  1/2-1/2

[Event "31st Andorra Open"]
[Site "La Massana AND"]
[Date "2013.07.23"]
[Round "4.7"]
[White "Felgaer,R"]
[Black "Jerez Perez,A"]
[Result "1-0"]
[WhiteElo "2586"]
[BlackElo "2393"]

1.e4 e6 2.d4 d5 3.Nd2 Be7 4.Ngf3 Nf6 5.Bd3 c5 6.e5 Nfd7 7.c3 Nc6 8.O-O g5
9.dxc5 Nxc5 10.Bb5 Nd7 11.Re1 Qb6 12.Qe2 a6 13.Bxc6 bxc6 14.b4 a5 15.bxa5 Qxa5
16.Nb3 Qxc3 17.Bxg5 Bxg5 18.Nxg5 h6 19.Qh5 hxg5 20.Qxh8+ Ke7 21.Rac1 Qb4
22.Re2 c5 23.Qg7 g4 24.Qg5+ Ke8 25.Nxc5 Nxc5 26.Rec2 Ra5 27.Qg8+ Ke7 28.Qxc8 Nd7
29.Rc7  1-0

[Event "Czech Open A 2013"]
[Site "Pardubice CZE"]
[Date "2013.07.23"]
[Round "5.34"]
[White "Bryzgalin,K"]
[Black "Gutenev,A"]
[Result "1/2-1/2"]
[WhiteElo "2470"]
[BlackElo "2350"]

1.e4 e6 2.d4 d5 3.Nd2 Nc6 4.Ngf3 Nf6 5.e5 Nd7 6.Be2 f6 7.exf6 Qxf6 8.Nb3 a5
9.Bg5 Qf7 10.O-O Bd6 11.c4 O-O 12.c5 Bf4 13.Bxf4 Qxf4 14.Bb5 Qf6 15.Re1 a4
16.Bxc6 bxc6 17.Nc1 e5 18.dxe5 Qe7 19.Nd3 Nxc5 20.Nxc5 Qxc5 21.Rc1 Qb6 22.e6 Rf6
23.Nd4 Bb7 24.Qh5 Qxd4 25.e7 Qxf2+ 26.Kh1 h6 27.e8=Q+ Rxe8 28.Qxe8+ Kh7 29.Qe5 Bc8
30.Qe2 Qh4 31.Rf1 Bf5 32.Qe5 Qg5 33.Kg1 Qg6 34.Qxc7 d4 35.Qg3 Qf7 36.Rc5 Qd7
37.Qe5 d3 38.Rd1 Bg6 39.h3 Re6 40.Qf4 Re4 41.Qg3 Qa7 42.Qf2 Re2 43.Qd4 Be4
44.Rxd3 Rxg2+ 45.Kf1 Qf7+ 46.Ke1 Bxd3 47.Qxd3+ Kg8 48.Qd8+ Qf8 49.Qxf8+ Kxf8
50.Ra5 Rxb2 51.Rxa4 Ke7 52.Rg4 Kf6 53.a4 Ra2 54.Kf1 Rc2 55.a5 Ra2 56.Rc4 Kg5
57.Rxc6 Kh4 58.Rg6 Rxa5 59.Rxg7 Kxh3 60.Rf7 Rg5 61.Rf3+ Kg4  1/2-1/2

[Event "Czech Open A 2013"]
[Site "Pardubice CZE"]
[Date "2013.07.23"]
[Round "5.14"]
[White "Jansa,Vl"]
[Black "Petr,Ma"]
[Result "1/2-1/2"]
[WhiteElo "2442"]
[BlackElo "2523"]

1.e4 e6 2.d4 d5 3.Nd2 Be7 4.Bd3 c5 5.dxc5 Nf6 6.Qe2 O-O 7.Ngf3 a5 8.O-O Na6
9.e5 Nd7 10.Nb3 Naxc5 11.Nbd4 Nxd3 12.cxd3 Nc5 13.Be3 Bd7 14.Rac1 Rc8 15.Rc3 Na6
16.Rxc8 Qxc8 17.Rc1 Qd8 18.g3 h6 19.h4 Qb8 20.Bd2 a4 21.Nh2 Rc8 22.Re1 Qa7
23.Be3 Bc5 24.Qg4 h5 25.Qxh5 Bxd4 26.Nf3 Bxe3 27.Rxe3 Rc1+ 28.Kg2 d4 29.Ng5 Bc6+
30.Kh3 b6 31.Qh7+ Kf8 32.Qh8+ Ke7 33.Qxg7 Qd7 34.Qf6+ Ke8 35.Qh8+ Ke7 36.Qf6+ Ke8
37.Qh8+  1/2-1/2

[Event "15th TCh-Eur Senior"]
[Site "Dresden GER"]
[Date "2013.07.24"]
[Round "5"]
[White "Stebbings,A"]
[Black "Dahl,Ivar M"]
[Result "1/2-1/2"]
[WhiteElo "2281"]
[BlackElo "2209"]

1.e4 e6 2.d4 d5 3.Nd2 Be7 4.Bd3 Nf6 5.e5 Nfd7 6.f4 c5 7.c3 g6 8.Ne2 b6 9.O-O Ba6
10.Bc2 cxd4 11.cxd4 Nc6 12.Nf3 Rc8 13.a3 Qc7 14.Bd3 Bxd3 15.Qxd3 Na5 16.Bd2 Qc4
17.Qxc4 Nxc4 18.Rfc1 Kd8 19.Rc2 Nxd2 20.Rxc8+ Kxc8 21.Nxd2 Kb7 22.Rc1 Rc8
23.Rxc8 Kxc8 24.Kf2  1/2-1/2

[Event "6th Paleochora Open"]
[Site "Paleochora GRE"]
[Date "2013.07.25"]
[Round "8.13"]
[White "Bellos,I"]
[Black "Markidis,K"]
[Result "1/2-1/2"]
[WhiteElo "1986"]
[BlackElo "2376"]

1.e4 e6 2.d4 d5 3.Nd2 Be7 4.Bd3 c5 5.dxc5 Nf6 6.Qe2 O-O 7.Ngf3 a5 8.O-O Na6
9.e5 Nd7 10.c3 Naxc5 11.Bc2 b5 12.Nd4 Qc7 13.Re1 b4 14.Qe3 bxc3 15.bxc3 Ba6
16.Qh3 g6 17.N2f3 Rfe8 18.Bg5 Bf8 19.Bh6 Bxh6 20.Qxh6 f5 21.exf6 Nxf6 22.Ne5 Nfe4
23.Ng4 Qg7 24.Qh4 h5 25.Bxe4 Nxe4 26.Rxe4 g5 27.Nh6+ Kh8 28.Nhf5 gxh4 29.Nxg7 dxe4
30.Nxe8 Rxe8 31.Re1 Rc8 32.Rxe4 Rxc3 33.h3 Bc4 34.Rxh4 Kg7 35.Rxh5 Ra3 36.Rc5 Bxa2
37.g4 a4 38.Ra5 Bc4 39.Kg2 Kf6 40.Nb5 Bd5+ 41.Kh2 Rf3 42.Rxa4 Rxf2+ 43.Kg3 Rf3+
44.Kh4 Re3 45.g5+ Kg6 46.Nc7 Bc6  1/2-1/2

[Event "III Brazil Maringa Open"]
[Site "Maringa BRA"]
[Date "2013.07.26"]
[Round "5.20"]
[White "Goncalves,I"]
[Black "Aguiar,Djalma"]
[Result "1-0"]
[WhiteElo "2169"]
[BlackElo "1968"]

1.e4 e6 2.d4 d5 3.Nd2 Nc6 4.Ngf3 Nf6 5.Bd3 Nb4 6.e5 Nxd3+ 7.cxd3 Nd7 8.O-O Be7
9.a3 a5 10.Re1 O-O 11.Nf1 c5 12.dxc5 Nxc5 13.d4 Nd7 14.Ng3 f6 15.exf6 Nxf6
16.Bf4 Ng4 17.Qd2 Bd6 18.Bxd6 Qxd6 19.h3 Nf6 20.Re5 Bd7 21.Rae1 Ra6 22.Qg5 Rf7
23.Qe3 Rf8 24.Ng5 Re8 25.f4 h6 26.Nf3 Rc8 27.Nh4 Qf8 28.Re2 Rac6 29.f5 Re8
30.Qf4 exf5 31.Ng6 Nh5 32.Rxe8  1-0

[Event "Czech Open A 2013"]
[Site "Pardubice CZE"]
[Date "2013.07.26"]
[Round "8.42"]
[White "Braeuer,F"]
[Black "Matsenko,S"]
[Result "0-1"]
[WhiteElo "2275"]
[BlackElo "2458"]

1.e4 e6 2.d4 d5 3.Nd2 Nc6 4.Ngf3 Nf6 5.e5 Nd7 6.Nb3 Be7 7.c3 a5 8.a4 b6 9.Bb5 Ncb8
10.Be3 c6 11.Be2 Ba6 12.Nc1 Bxe2 13.Nxe2 c5 14.O-O O-O 15.Nf4 Nc6 16.g3 Rc8
17.Qe2 Rc7 18.h4 cxd4 19.cxd4 Qa8 20.Rac1 Rfc8 21.Kg2 Nb4 22.Rxc7 Rxc7 23.Rc1 Rxc1
24.Bxc1 Qc6 25.Qb5 Nb8 26.Bd2 N8a6 27.Bxb4 Nxb4 28.Qxc6 Nxc6 29.Kf1 Nd8 30.Ke2 f6
31.Nd3 Nc6 32.Ke3 Kf7 33.h5 Bd8 34.Nfe1 g5 35.hxg6+ Kxg6 36.Nf3 Kf7 37.Nfe1 Ne7
38.g4 h5 39.exf6 Kxf6 40.Ne5 hxg4 41.Nxg4+ Kg5 42.Ne5 Nf5+ 43.Kd3 Bc7 44.Nd7 Kf4
45.Nf8 Ng7 46.Nd7 Nh5 47.b3 Kf5 48.Ng2 Kg6 49.Ke3 Ng7 50.Nh4+ Kf7 51.Nf3 Nf5+
52.Kd3 Ke7 53.Nde5 Bd6 54.Ng4 Kd7 55.Nge5+ Kc7 56.Ng4 Be7 57.Nge5 Bf6 58.Ng4 Bg7
59.Nge5 Kd6 60.Nf7+ Ke7 61.N7e5 Kd6 62.Nf7+ Kd7 63.N7e5+ Ke7 64.Ng6+ Kd6
65.Nge5 Nxd4 66.Kxd4 Bf6 67.Ne1 Bxe5+ 68.Ke3 Bg7 69.Nd3 Bc3 70.f4 Ke7 71.Kf3 Kf6
72.Kg4 Kg6 73.Nc1 Bb4 74.Nd3 Bc5 75.Ne5+ Kf6 76.Nd7+ Ke7 77.Ne5 Bd6 78.Nc6+ Kf6
79.Kf3 Bb4 80.Ne5 Kf5 81.Ng4 Bc5 82.Nh6+ Kg6 83.Ng4 Bd4 84.Nh2 Kf6 85.Nf1 Bc5
86.Ng3 Bd4 87.Ne2 Bb2 88.Ng3 Ke7 89.Ne2 Ba3 90.Nd4 Bc5 91.Ne2 Kf7 92.Kg4 Kf6
93.Kg3 e5 94.fxe5+ Kxe5 95.Kf3 d4 96.Nc1 d3 97.Nxd3+ Kd4 98.Nc1 Kc3 99.Ke2 Kc2
100.Nd3 Kxb3 101.Kd2 Bb4+ 102.Kc1 Bc3 103.Nf2 Kxa4 104.Ne4 Be5 105.Kb1 Kb4
106.Ka2 b5 107.Nf2 Kc4 108.Ne4 Bf4  0-1